Industrial development and industrial policy
Đã lưu trong:
| Príomhúdar: | |
|---|---|
| Formáid: | Leabhar |
| Teanga: | Undetermined |
| Foilsithe: |
Budapest
Akadémiai Kiadó
1979
|
| Ábhair: | |
| Clibeanna: |
Cuir Clib Leis
Gan Chlibeanna, Bí ar an gcéad duine leis an taifead seo a chlibeáil!
|
| Thư viện lưu trữ: | Trung tâm Học liệu Trường Đại học Cần Thơ |
|---|
| LEADER | 00493nam a2200181Ia 4500 | ||
|---|---|---|---|
| 001 | CTU_79634 | ||
| 008 | 210402s9999 xx 000 0 und d | ||
| 082 | |a 338.94 | ||
| 082 | |b R758 | ||
| 100 | |a Román, Zoltán | ||
| 245 | 0 | |a Industrial development and industrial policy | |
| 245 | 0 | |c Zoltán Román | |
| 260 | |a Budapest | ||
| 260 | |b Akadémiai Kiadó | ||
| 260 | |c 1979 | ||
| 650 | |a Industry policy | ||
| 650 | |z Europe | ||
| 980 | |a Trung tâm Học liệu Trường Đại học Cần Thơ | ||